Charlton Athletic Squad 2025-2026 - Statistics

General Stats
  • This quiz has been taken 6 times
  • The average score is 19 of 36
Answer Stats
# Position Nation Player % Correct
1 GK Belgium Thomas Kaminski
100%
23 FW United States Charlie Kelman
75%
6 MF Ireland Conor Coventry
75%
10 MF Scotland Greg Docherty
75%
44 DF England Harry Clarke
75%
2 DF England Kayne Ramsay
75%
5 DF England Lloyd Jones
75%
99 FW Scotland Lyndon Dykes
75%
24 FW England Matty Godden
75%
- Coach Wales Nathan Jones
75%
27 FW Cuba Onel Hernández
75%
14 MF England Sonny Carey
75%
7 FW Jamaica Tyreece Campbell
75%
25 GK England Will Mannion
75%
17 DF Jamaica Amari'i Bell
50%
28 DF Kenya Collins Sichenje
50%
15 DF England Conor Coady
50%
41 MF England Harvey Knibbs
50%
28 DF England James Bree
50%
77 FW England Jayden Fevrier
50%
15 DF Guadeloupe Jérôme Roussillon
50%
13 FW Jamaica Kaheim Dixon
50%
18 MF Jamaica Karoy Anderson
50%
3 DF England Macaulay Gillesphey
50%
32 DF England Reece Burke
50%
30 FW Scotland Rob Apter
50%
22 FW England Tanto Olaofe
50%
21 GK Australia Ashley Maynard-Brewer
25%
37 MF England Ibrahim Fullah
25%
16 DF Scotland Josh Edwards
25%
8 MF England Luke Berry
25%
19 DF England Luke Chambers
25%
11 FW England Miles Leaburn
25%
20 DF England Zach Mitchell
25%
26 DF England Joe Rankin-Costello
0%
21 GK Ireland Tiernan Brooks
0%
No matching quizzes found
Score Distribution
Percent of People with Each Score
Percentile by Number Answered
Your Score History
You have not taken this quiz